Genetics and Molecular Biology (Record no. 16510)

000 -LEADER
fixed length control field 00382nam a22001577a 4500
003 - CONTROL NUMBER IDENTIFIER
control field OSt
005 - DATE AND TIME OF LATEST TRANSACTION
control field 20170105103443.0
008 - FIXED-LENGTH DATA ELEMENTS--GENERAL INFORMATION
fixed length control field 120504t xxu||||| |||| 00| 0 eng d
020 ## - INTERNATIONAL STANDARD BOOK NUMBER
International Standard Book Number 0801846749
040 ## - CATALOGING SOURCE
Transcribing agency ASAB
050 ## - LIBRARY OF CONGRESS CALL NUMBER
Classification number 574.87, SCH
245 ## - TITLE STATEMENT
Title Genetics and Molecular Biology
Statement of responsibility, etc. Robert Schleif
300 ## - PHYSICAL DESCRIPTION
Extent 667
650 ## - SUBJECT ADDED ENTRY--TOPICAL TERM
Source of heading or term Genetics and Molecular Biology
9 (RLIN) 216
942 ## - ADDED ENTRY ELEMENTS (KOHA)
Source of classification or shelving scheme
Koha item type Book
Holdings
Withdrawn status Lost status Source of classification or shelving scheme Damaged status Not for loan Collection code Permanent Location Current Location Date acquired Total Checkouts Full call number Barcode Date last seen Copy number Price effective from Koha item type Date last checked out
            Atta-ur-Rahman School of Applied Biosciences (ASAB) Atta-ur-Rahman School of Applied Biosciences (ASAB) 05/04/2012   574.87 SCH ASAB1116 06/07/2017 Photocopy 05/04/2012 Book  
            Atta-ur-Rahman School of Applied Biosciences (ASAB) Atta-ur-Rahman School of Applied Biosciences (ASAB) 05/04/2012   574.87 SCH ASAB1118 05/04/2012 Photocopy 05/04/2012 Book  
            Atta-ur-Rahman School of Applied Biosciences (ASAB) Atta-ur-Rahman School of Applied Biosciences (ASAB) 05/04/2012 1 589.87 SCH ASAB1117 01/04/2016 Photocopy 05/04/2012 Book 01/01/2016
            Atta-ur-Rahman School of Applied Biosciences (ASAB) Atta-ur-Rahman School of Applied Biosciences (ASAB) 05/04/2012   589.87 SCH ASAB1115 05/04/2012 Photocopy 05/04/2012 Book  
            Atta-ur-Rahman School of Applied Biosciences (ASAB) Atta-ur-Rahman School of Applied Biosciences (ASAB) 05/04/2012   574.87, SCH ASAB1119 05/04/2012 Photocopy 05/04/2012 Book  
© 2023 Central Library, National University of Sciences and Technology. All Rights Reserved.